02233nam a2200421 i 4500001001200000003000800012006001900020007001500039008004100054020003100095020002700126040003500153035002100188050002500209082001400234245014800248264006000396264001200456300006500468336002100533337002300554338003200577490005000609504004100659505028900700588004700989590014701036650003501183650002601218655002201244700001801266710001601284776030501300797001201605830004901617856012601666999001901792ebr10778165CaPaEBRm o d cr cn|||||||||130603t20132013dcua ob 000 0 eng|d z9781464800603 (alk. paper) a9781464800610 (e-book) aCaPaEBRbengerdaepncCaPaEBR a(OCoLC)86896202914aRA395.A3bL43 2013eb04a362.122300aLearning from economic downturns :bhow to better assess, track, and mitigate the impact on the health sector /cXiaohui Hou [and four others]. 1aWashington, District of Columbia :bWorld Bank,c[2013] 4c�2013 a1 online resource (193 pages) :billustrations (some color). atext2rdacontent acomputer2rdamedia aonline resource2rdacarrier1 aDirections in development : human development aIncludes bibliographical references.0 aA framework for health sector resilience -- Assessing vulnerability of the health sector to economic downturns -- Tracking the impact on households and institutions : the Europe and Central Asia story -- Mitigating the effects of economic downturns -- Lessons from the European Union. aDescription based on print version record. aElectronic reproduction. Palo Alto, Calif. : ebrary, 2013. Available via World Wide Web. Access may be limited to ebrary affiliated libraries. 0aHealth Care SectorxEconomics. 0aEconomic development. 0aElectronic books.1 aHou, Xiaohui.2 aWorld Bank.08iPrint version:tLearning from economic downturns : how to better assess, track, and mitigate the impact on the health sector.dWashington, District of Columbia : The World Bank, [2013]hxviii, 170 pageskDirections in development : human developmentz9781464800603w(DNLM)101609509w(DLC) 20130221452 aebrary. 0aDirections in development (Washington, D.C.)40uhttp://site.ebrary.com/lib/rucke/Doc?id=10778165zAn electronic book accessible through the World Wide Web; click to view c131950d131950